000 005940000a22002050004500
003 LK-CoMWRAF
005 20231106120325.0
008 230817t1981 ||||| |||| 00| 0 eng d
040 _aLK-CoMWRAF
_dLK-CoMWRAF
_eLK-CoMWRAF
041 _aeng
082 _a297.265
_bRAH
100 _aRahman, Afzalur
245 _aQuranic Sciences
260 _aLondon:
_bPustaka,
_c1981
300 _aiv, 332m p.
_bBibliography included
650 _aQurʼan and science
650 _aQurʼan and reason
856 _uhttp://s745899874.online-home.ca/KB/Quranic%20Science%20U-322715/WQB.pdf
942 _cBK
999 _c1385
_d1385